书目信息 |
| 题名: |
舞蹈调度的形式陈说
|
|
| 作者: | 刘建 著 | |
| 分册: | ||
| 出版信息: | 上海 上海音乐出版社 2012.09 |
|
| 页数: | 225页 | |
| 开本: | 23cm | |
| 丛书名: | 北京舞蹈学院舞蹈学学科建设丛书 | |
| 单 册: | ||
| 中图分类: | J811.2 | |
| 科图分类: | ||
| 主题词: | 舞台调度 | |
| 电子资源: | ||
| ISBN: | 978-7-5523-0079-6 | |
| 000 | 01061oam2 2200289 450 | |
| 001 | 010700142622 | |
| 005 | 20140612095909.63 | |
| 010 | @a978-7-5523-0079-6@dCNY45.00 | |
| 100 | @a20121130d2012 em y0chiy50 ea | |
| 101 | 0 | @achi@eeng |
| 102 | @aCN@b310000 | |
| 105 | @aa z 000yy | |
| 106 | @ar | |
| 200 | 1 | @a舞蹈调度的形式陈说@9wu dao tiao du de xing shi chen shuo@f刘建[等]著 |
| 210 | @a上海@c上海音乐出版社@d2012.09 | |
| 215 | @a225页@c图@d23cm | |
| 225 | 2 | @a北京舞蹈学院舞蹈学学科建设丛书 |
| 300 | @a教育部国家级特色专业建设项目 北京市教委特色专业建设项目 | |
| 312 | @a封面英文题名:The statement of the dance scheduling form | |
| 330 | @a本书阐释了“舞蹈调度的性质与分类”,并侧重分析调度的形式美;按形式的类别分析了最先产生的“环舞”,侧重分析了调度中的文化内存等内容。 | |
| 461 | 0 | @12001 @a北京舞蹈学院舞蹈学学科建设丛书 |
| 510 | 1 | @aStatement of the dance scheduling form@zeng |
| 606 | 0 | @a舞台调度 |
| 690 | @aJ811.2@v5 | |
| 701 | 0 | @a刘建@9liu jian@4著 |
| 801 | 0 | @aCN@bRENTIAN@c20121130 |
| 905 | @b549620-22@dJ811.2@e83@f3 | |
| 舞蹈调度的形式陈说/刘建[等]著.-上海:上海音乐出版社,2012.09 |
| 225页:图;23cm.-(北京舞蹈学院舞蹈学学科建设丛书) |
| 教育部国家级特色专业建设项目 北京市教委特色专业建设项目 |
| ISBN 978-7-5523-0079-6:CNY45.00 |
| 本书阐释了“舞蹈调度的性质与分类”,并侧重分析调度的形式美;按形式的类别分析了最先产生的“环舞”,侧重分析了调度中的文化内存等内容。 |
| ● |
| 相关链接 |
|
|
|
|
正题名:舞蹈调度的形式陈说
索取号:J811.2/83
 
预约/预借
| 序号 | 登录号 | 条形码 | 馆藏地/架位号 | 状态 | 备注 |
| 1 | 549620 | 205496202 | 第一样本阅览室/ [索取号:J811.2/83] | 在馆 | |
| 2 | 549621 | 205496211 | 密集书库-音乐系/ [索取号:J811.2/83] | 在馆 | |
| 3 | 549622 | 205496220 | 第一借阅区/ [索取号:J811.2/83] | 在馆 |